ბათუმის შოთა რუსთაველის სახელმწიფო უნივერსიტეტის ბიბლიოთეკა

Operations Research: (ბიბ.ჩანაწერი № 61327)

000 -LEADER
fixed length control field 00481nam a22001697a 4500
005 - DATE AND TIME OF LATEST TRANSACTION
control field 20240212164356.0
008 - FIXED-LENGTH DATA ELEMENTS--GENERAL INFORMATION
fixed length control field 240212s2019 enk||||| |||| 00| 0 eng d
020 ## - INTERNATIONAL STANDARD BOOK NUMBER
International Standard Book Number 9789352865277
041 ## - LANGUAGE CODE
Language code of text/sound track or separate title eng
080 ## - UNIVERSAL DECIMAL CLASSIFICATION NUMBER
Universal Decimal Classification number 004.4 T-11
100 ## - MAIN ENTRY--PERSONAL NAME
Personal name Taha, Hamdy A.
9 (RLIN) 21226
245 ## - TITLE STATEMENT
Title Operations Research:
Remainder of title An Introduction /
Statement of responsibility, etc. Hamdy A Taha.
264 ## - PRODUCTION, PUBLICATION, DISTRIBUTION, MANUFACTURE, AND COPYRIGHT NOTICE
Place of production, publication, distribution, manufacture Uttar Pradesh :
Name of producer, publisher, distributor, manufacturer PEARSON,
Date of production, publication, distribution, manufacture, or copyright notice 2019.
300 ## - PHYSICAL DESCRIPTION
Extent 844 p.;
Other physical details 24 cm.
653 ## - INDEX TERM--UNCONTROLLED
keyword პროგრამირება
942 ## - ADDED ENTRY ELEMENTS (KOHA)
Source of classification or shelving scheme
Koha item type წიგნი
ეგზემპლარები
Withdrawn status Lost status Source of classification or shelving scheme Damaged status Not for loan Permanent Location Current Location Shelving location Date acquired Cost, normal purchase price Full call number Barcode Date last seen Copy number Price effective from Koha item type Public note
          ბათუმის შოთა რუსთაველის სახელმწიფო უნივერსიტეტის მთავარი ბიბლიოთეკა ბათუმის შოთა რუსთაველის სახელმწიფო უნივერსიტეტის მთავარი ბიბლიოთეკა წიგნსაცავი 2024-02-12 111.00 004.4 T-11 67252 2024-02-12 67252 2024-02-12 წიგნი 111 ლ.